000 00393nam a2200133Ia 4500
008 200619s9999 xx 000 0 und d
020 _a0-471-33396-4
100 _aNovember, Peter
245 _cNovember, Peter
_aPractical marketing in Australia /
260 _aBrisbane ; New York :
_bJohn Wiley & Sons
_c1984
300 _axiii, 369 pages
500 _aIncludes index.
650 _aMarketing
999 _c363751
_d363751